Deutsches Lesebuch: Von Luther bis Liebknecht
محفوظ في:
| التنسيق: | كتاب |
|---|---|
| اللغة: | Undetermined |
| منشور في: |
Leipzig, Alemania
Philipp Reclam
1976
|
| الموضوعات: | |
| الوسوم: |
إضافة وسم
لا توجد وسوم, كن أول من يضع وسما على هذه التسجيلة!
|
MARC
| LEADER | 00000nam a2200000Ia 4500 | ||
|---|---|---|---|
| 008 | 170316s9999 xx 000 0 und d | ||
| 040 | |a cru BVZT | ||
| 090 | |a 830 D-2d | ||
| 245 | |a Deutsches Lesebuch: Von Luther bis Liebknecht | ||
| 260 | |a Leipzig, Alemania | ||
| 260 | |b Philipp Reclam | ||
| 260 | |c 1976 | ||
| 300 | |a 577 páginas | ||
| 650 | |a LITERATURA ALEMANA | ||
| 650 | |a ANTOLOGÍA | ||
| 999 | |c 7303 |d 7303 | ||
| 942 | |c 15 D |h 830 D-2d |2 z | ||
